Statistics for World cup 1958 teams

Click here to take the quiz!

General Stats

  • This quiz has been taken 376 times
  • The average score is 14 of 16

Answer Stats

HintAnswer% Correct
GROUP 4Brazil
99%
GROUP 1West Germany
96%
GROUP 1Argentina
95%
GROUP 2France
95%
GROUP 4England
94%
GROUP 3Sweden
93%
GROUP 3Mexico
89%
GROUP 3Hungary
87%
GROUP 4Soviet Union
87%
GROUP 2Yugoslavia
84%
GROUP 1Czechoslovakia
81%
GROUP 2Scotland
81%
GROUP 4Austria
80%
GROUP 3Wales
76%
GROUP 1Northern Ireland
71%
GROUP 2Paraguay
70%

Score Distribution

Percentile by Number Answered

Percent of People with Each Score

Your Score History

You have not taken this quiz